反犹主义 (Record no. 33463)

000 -LEADER
fixed length control field 00506nam a22001937a 4500
003 - CONTROL NUMBER IDENTIFIER
control field MPLRDC
005 - DATE AND TIME OF LATEST TRANSACTION
control field 20220104142744.0
008 - FIXED-LENGTH DATA ELEMENTS--GENERAL INFORMATION
fixed length control field 210129b ||||| |||| 00| 0 eng d
020 ## - INTERNATIONAL STANDARD BOOK NUMBER
International Standard Book Number 962-04-2271-3
082 ## - DEWEY DECIMAL CLASSIFICATION NUMBER
Classification number 536.87 FIN
100 ## - MAIN ENTRY--PERSONAL NAME
Personal name ROBERTO FINZI
245 ## - TITLE STATEMENT
Title 反犹主义
Statement of responsibility, etc. 李阳 译
250 ## - EDITION STATEMENT
Edition statement 一版二刷
260 ## - PUBLICATION, DISTRIBUTION, ETC.
Place of publication, distribution, etc. 香港
Name of publisher, distributor, etc. 三联书店(香港)有限公司
Date of publication, distribution, etc. 2004
300 ## - PHYSICAL DESCRIPTION
Other physical details 128
490 ## - SERIES STATEMENT
Series statement 20世纪历史回顾
650 ## - SUBJECT ADDED ENTRY--TOPICAL TERM
Topical term or geographic name entry element 民族志--犹太民族
942 ## - ADDED ENTRY ELEMENTS (KOHA)
Koha item type Book
-- 536.87 FIN
Holdings
Withdrawn status Lost status Source of classification or shelving scheme Damaged status Not for loan Collection code Home library Current library Shelving location Date acquired Cost, normal purchase price Total Checkouts Full call number Barcode Date last seen Date last checked out Price effective from Koha item type Public note
            Malaysian Public Library, Research and Development Centre Malaysian Public Library, Research and Development Centre   10/12/2007 25.00   536.87 FIN 00033562 18/03/2021 26/10/2018 18/03/2021 Book mplrdc

© 2022. Malaysian Public Library, Research and Development Centre. All Right ReservedE-mailmplrdc@help.edu.my 

Powered by Koha